Vocabulario científico y técnico ; Idioma aleman /

Guardado en:
Autor Corporativo: Schirber, C.
Formato: Libro
Idioma:English
German
Spanish
Publicado: Buenos Aires : [s. n.], [s. d.]
Materias:
Etiquetas: Agregar Etiqueta
Sin Etiquetas, Sea el primero en etiquetar este registro!
LEADER 00497nam a22001571 4500
001 MAT.inmabb007093
008 180301s1951####ag#######d####000#0#eng##
005 20180301144719.0
245 1 0 |a Vocabulario científico y técnico ;  |b Idioma aleman /  |c Dra. C. Schirber. 
260 |a Buenos Aires :  |b [s. n.],  |c [s. d.] 
300 |a 20 p. ;  |c 22 cm. 
510 4 |a MR,  |c *REVIEW #* 
110 2 |a Schirber, C. 
650 0 |a Vocabulario científico  |x Aleman 
041 0 |a ger  |a spa 
859 |h IDIOMAS  |i Sc337  |p A-958  |b BIB. MATEMATICA